Sports Quiz

Random Sports or Baseball Quiz

MLB - 100+ wins Pitching Staffs by team (NL) Quiz Stats

 Plays Quiz not verified by Sporcle

Score 0/180 Timer 20:00
0 Plays Today
Answer % Correct
Greg Maddux
97%
Greg Maddux
97%
Greg Maddux
97%
Greg Maddux
97%
Greg Maddux
97%
Greg Maddux
97%
Randy Johnson
96.7%
Tom Glavine
96.7%
Tom Glavine
96.7%
Tom Glavine
96.7%
Tom Glavine
96.7%
Tom Glavine
96.7%
John Smoltz
95.5%
John Smoltz
95.5%
John Smoltz
95.5%
John Smoltz
95.5%
John Smoltz
95.5%
John Smoltz
95.5%
Tommy John
94%
Clayton Kershaw
90.9%
Dwight Gooden
89.5%
Dwight Gooden
89.5%
Chris Carpenter
87.5%
Chris Carpenter
87.5%
Jake Arrieta
86.5%
Sandy Koufax
86%
Roy Halladay
85%
Jon Lester
84.7%
Steve Carlton
84.5%
Steve Carlton
84.5%
Steve Carlton
84.5%
Cliff Lee
84%
Tom Seaver
83.7%
Don Drysdale
80.5%
Cole Hamels
79.9%
Steve Avery
78.2%
Bob Gibson
76.2%
Roy Oswalt
72.4%
Juan Marichal
71.9%
Kyle Hendricks
71.4%
John Lackey
71.2%
John Lackey
71.2%
Kevin Millwood
69.9%
Kevin Millwood
69.9%
Kevin Millwood
69.9%
Sid Fernandez
69.2%
Sid Fernandez
69.2%
Ron Darling
68.2%
Ron Darling
68.2%
Don Sutton
65.4%
Jason Schmidt
65.4%
Mike Hampton
63.9%
Mike Hampton
63.9%
Jerry Koosman
62.7%
Kenley Jansen
61%
Pete Smith
60.4%
Rich Hill
59.7%
Carlos Martinez
59.6%
John Tudor
59.1%
Stan Williams
57.9%
Answer % Correct
Jerome Williams
57.9%
Woody Williams
57.9%
Matt Morris
56.9%
Matt Morris
56.9%
Jason Isringhausen
56.1%
Jason Isringhausen
56.1%
Russ Ortiz
55.9%
John Rocker
54.9%
Billy Wagner
54.9%
Bobby Ojeda
54.9%
Bobby Ojeda
54.9%
Jamie Garcia
53.1%
Denny Neagle
52.9%
Denny Neagle
52.9%
Mark Wohlers
49.9%
Joaquin Andujar
49.4%
David Cone
47.1%
Michael Wacha
45.6%
Alex Wood
45.5%
Mike Marshall
45.4%
John Burkett
45.4%
Trevor Rosenthal
44.9%
Roger McDowell
44.1%
Randy Myers
44.1%
Stu Miller
44.1%
Rod Beck
44.1%
Trevor Wilson
43.1%
Don Gullett
42.9%
Kenta Maeda
42.9%
Shane Reynolds
41.9%
Shane Reynolds
41.9%
Jose Lima
41.6%
Lance Lynn
41.1%
Jason Hammel
40.4%
Brian Anderson
38.8%
Hector Rondon
37.6%
Gary Nolan
37.6%
Gary Nolan
37.6%
Gary Nolan
37.6%
Bill Swift
37.3%
Tim Worrell
35.6%
Johnny Podres
34.3%
Johnny Podres
34.3%
Andy Messersmith
34.3%
Rick Aguilera
33.8%
Rawly Eastwick
32.8%
Rawly Eastwick
32.8%
Bob Forsch
32.8%
Jack Billingham
32.3%
Jack Billingham
32.3%
Jeff Suppan
31.8%
Jeff Suppan
31.8%
Kirk Rueter
28.8%
Andy Benes
28.6%
Hyun-Jin Ryu
28.6%
Jason Marquis
26.8%
Jason Marquis
26.8%
Jason Marquis
26.8%
Jim Kaat
26.3%
Jim Kaat
26.3%
Answer % Correct
Gary Gentry
26.1%
Odalis Perez
25.3%
Ryan Madson
24.8%
Bud Black
24.6%
Jim Lonborg
23.3%
Jim Lonborg
23.3%
Ron Reed
23.1%
Fred Norman
22.1%
Fred Norman
22.1%
Danny Cox
22.1%
Preacher Roe
21.8%
Mark Mulder
21.8%
Matt Mantei
21.1%
Larry Christenson
20.8%
Larry Christenson
20.8%
Carl Erskine
20.3%
Doug Rau
20.1%
Kerry Ligtenberg
19.5%
Ron Perranoski
19.3%
Omar Daal
19%
Vance Worley
18.3%
Horacio Ramirez
17.5%
Mike Stanton
17.3%
Pat Zachry
17%
Gene Garber
17%
Ron Taylor
16%
Jim Merritt
15.5%
Al Downing
15.3%
Wayne Simpson
14.3%
Jack Sanford
13.3%
Mike McCormick
12.5%
Wayne Granger
11.8%
Pat Darcy
11.8%
Billy Pierce
11.8%
Armando Reynoso
11%
Jim Hughes
11%
Dick Hughes
11%
Randy Lerch
10.8%
Jim McGlothlin
10%
Jim McAndrew
9.8%
Ray Washburn
9.8%
Tony Cloninger
9%
Terrell Wade
8.3%
Santo Alcala
8%
Billy Loes
7.8%
Jeff Lahti
7.8%
Pete Schourek
7.3%
Russ Meyer
7.3%
Don Cardwell
7.3%
Billy O'Dell
7.3%
Tom Underwood
7%
Damian Moss
6%
Damian Moss
6%
Joe Hoerner
6%
Larry Jaster
4.3%
Sean Bergman
3.8%
Kurt Kepshire
3.5%
Joe Moeller
3.3%
Bryan Hickerson
3.3%
Jesse Foppert
2.8%

You're not logged in!

Compare scores with friends on all Sporcle quizzes.
OR
Log In

You Might Also Like...

Show Comments

Extras

Top Quizzes Today


Score Distribution

Your Account Isn't Verified!

In order to create a playlist on Sporcle, you need to verify the email address you used during registration. Go to your Sporcle Settings to finish the process.

Report this User

Report this user for behavior that violates our Community Guidelines.

Details: